| 000 | 00991cam a2200253 4500 | ||
|---|---|---|---|
| 001 | WB3720-09 | ||
| 008 | 000000n2001 000 0 eng u | ||
| 035 | _a(Sirsi) u112724 | ||
| 245 | _aWest End off the boil | ||
| 260 | _c2001 | ||
| 490 |
_aEstates Gazette _v(0120) 19 May 2001, 42(1) |
||
| 520 | _aCB Hillier Parker reports that the average West End office rent fell from £637 per sq m to £635 per sq m over the first three months of 2001, with demand for prime space falling by 6%, suggesting that the market may have peaked. Availability, however, currently stands at just 3.3%. | ||
| 590 | _aWB | ||
| 650 | _aAVAILABILITY | ||
| 650 | _aAVAILABLE FLOORSPACE | ||
| 650 | _aLONDON | ||
| 650 | _aOFFICE RENTS | ||
| 650 | _aPROPERTY-COMMERCIAL PROPERTY-OFFICE PROPERTY-OFFICE PROPERTY MARKET | ||
| 650 | _aPRIME OFFICES | ||
| 650 | _aSUPPLY AND DEMAND | ||
| 650 | _aWEST END OF LONDON | ||
| 690 | _aPROPERTY-COMMERCIAL PROPERTY-COMMERCIAL PROPERTY MARKET | ||
| 942 | _n0 | ||
| 999 |
_c67114 _d67114 |
||